|
|
|
|
| LEADER |
00000nam0a2200000 4500 |
| 001 |
268693 |
| 005 |
20231101234206.0 |
| 035 |
|
|
|a (RuTPU)RU\TPU\book\291846
|
| 090 |
|
|
|a 268693
|
| 100 |
|
|
|a 20140905d1987 k y0rusy50 ca
|
| 101 |
0 |
|
|a rus
|
| 102 |
|
|
|a RU
|
| 105 |
|
|
|a a z 001zy
|
| 200 |
1 |
|
|a Природно-экономические основы регионального планирования охраны рек от загрязнения
|f В. В. Мороков
|g СССР, Государственный комитет по гидрометеорологии и контролю природной среды (Госкомгидромет СССР)
|
| 210 |
|
|
|a Ленинград
|c Гидрометеоиздат
|d 1987
|
| 215 |
|
|
|a 286 с.
|c ил.
|
| 320 |
|
|
|a Библиогр.: с. 273-281 (187 назв.)
|
| 320 |
|
|
|a Предметный указатель: с.282-285
|
| 606 |
1 |
|
|a Реки
|x Охрана
|2 stltpush
|3 (RuTPU)RU\TPU\subj\38985
|9 59229
|
| 610 |
1 |
|
|a речные воды
|
| 610 |
1 |
|
|a качество
|
| 610 |
1 |
|
|a источники загрязнения
|
| 610 |
1 |
|
|a предплановые исследования
|
| 610 |
1 |
|
|a водоохранные мероприятия
|
| 610 |
1 |
|
|a обоснование
|
| 610 |
1 |
|
|a социально-экономические аспекты
|
| 610 |
1 |
|
|a региональное планирование
|
| 675 |
|
|
|a 504.4
|v 3
|
| 700 |
|
1 |
|a Мороков
|b В. В.
|g Владимир Валентинович
|
| 712 |
0 |
1 |
|a СССР
|b Государственный комитет по гидрометеорологии и контролю природной среды (Госкомгидромет СССР)
|c (Москва)
|c (1978-1991)
|2 stltpush
|3 (RuTPU)RU\TPU\col\11538
|
| 801 |
|
1 |
|a RU
|b 63413507
|c 20140905
|
| 801 |
|
2 |
|a RU
|b 63413507
|c 20161017
|g RCR
|
| 942 |
|
|
|c BK
|